000 00284 a2200133 4500
001 154480
040 _cEscola São Tomás de Aquino
100 _aORTHOF, Sylvia
240 1 0 _aPoesia d´água
_lpor
245 1 0 _aPoesia d´água
362 0 _a2013
697 _aPoesia
942 _cBK
999 _c154480
_d154480